A Civiljogászok Vitatársaságában...
Elmentve itt :
| Dokumentumtípus: | Cikk |
|---|---|
| Megjelent: |
1929
|
| Sorozat: | Polgári jog : a hazai és külföldi magánjog és hiteljog szemléje
5 |
| Kulcsszavak: | Jogélet Magyarország 1929 |
| Online Access: | http://misc.bibl.u-szeged.hu/5037 |
| LEADER | 00566nab a2200157 i 4500 | ||
|---|---|---|---|
| 001 | misc5037 | ||
| 005 | 20191106142719.0 | ||
| 008 | 170607s1929 hu o 0|| hun d | ||
| 040 | |a SZTE Miscellanea Repozitórium |b hun | ||
| 041 | |a hun | ||
| 245 | 0 | 2 | |a A Civiljogászok Vitatársaságában... |h [elektronikus dokumentum] |
| 260 | |c 1929 | ||
| 300 | |a 91-92a | ||
| 490 | 0 | |a Polgári jog : a hazai és külföldi magánjog és hiteljog szemléje |v 5 | |
| 695 | |a Jogélet Magyarország 1929 | ||
| 856 | 4 | 0 | |u http://misc.bibl.u-szeged.hu/5037/1/polgari_jog_1929_091-092a.pdf |z Dokumentum-elérés |